=LDR 00000nam 2200000 4500 =001 NUTBA000000000001940 =005 20140526104500.0 =006 =007 =008 =020 ##$$a 978-979-22-6915-4 =035 ##$$a 0010-051400000000405 =040 ##$$a Ind =082 ##$$a 813 =090 ##$$a 813$bSur j =100 ##$$a Suryakusuma, Rina. =245 ##$$a Jejak kenangan$cRina surkusuma =260 ##$$a Jakarta$bGramedia$c2011. =300 ##$$a 258 Hlm$c15 cm. =850 ##$$a NBPNMAT =990 ##$$a 21111471 =990 ##$$a 21400613/BPAP-NTB/20142014 =990 ##$$a 21400613/BPAP-NTB/20142014